| 000 | 01218nam a2200265Ia 4500 | ||
|---|---|---|---|
| 999 |
_c53301 _d53301 |
||
| 001 | 20342 | ||
| 003 | GE_BSU | ||
| 005 | 20200927203959.0 | ||
| 008 | 181216s1966||||ge |||||||||||||| ||geo|| | ||
| 040 | _cGE_BSU | ||
| 041 | _ageo | ||
| 080 | _a371.8:821.353.1(072) კ-17 | ||
| 100 |
_aკაკაბაძე, ელისო _99551 |
||
| 245 |
_aკლასგარეშე კითხვა რვაწლიან სკოლაში : _bV-VIII კლ / _cელისო კაკაბაძე ; რედ. ე. გელაშვილი. |
||
| 264 |
_aთბილისი : _bგანათლება, _c1966. |
||
| 300 |
_a136გვ. ; _c 21 სმ. |
||
| 300 | _bბიბლიოგრ. ტექსტის შენიშვნებში. | ||
| 490 | _a(პედაგოგიკა და მეთოდიკა) | ||
| 541 | _h48თ. | ||
| 653 | _aკლასგარეშე კითხვა ქართულ ლიტერატურაში | ||
| 653 | _aპედაგოგიკა | ||
| 653 | _aქართული ლიტერატურა | ||
| 700 |
_aგელაშვილი, ე. _eრედაქტორი _97719 |
||
| 942 |
_cBK _2udc |
||